Fußball-Quiz: deutsche Nationalmannschaft - Statistiken

Allgemein
  • Dieses Quiz wurde 1.666 mal gespielt
  • Das Durchschnittsergebnis liegt bei 35 aus 80
Antwortstatistiken
Frage Kachel Select % Korrekt
Spieler, die sowohl Weltmeister als auch Europameister wurden. Erwin Kremers Nein
86%
Spieler, die sowohl Weltmeister als auch Europameister wurden. Guido Buchwald Nein
80%
Spieler, die sowohl Weltmeister als auch Europameister wurden. Lothar Matthäus Ja
77%
Spieler, die sowohl Weltmeister als auch Europameister wurden. Pierre Littbarski Nein
76%
Spieler, die sowohl Weltmeister als auch Europameister wurden. Jürgen Klinsmann Ja
71%
Spieler, die bei einer WM- oder EM-Endrunde Torschützenkönig wurden. Thomas Häßler Nein
70%
Spieler, die bei einer WM- oder EM-Endrunde Torschützenkönig wurden. Edmund Conen Nein
69%
Spieler, die bei einer WM- oder EM-Endrunde Torschützenkönig wurden. Matthias Sammer Nein
68%
Spieler, die sowohl Weltmeister als auch Europameister wurden. Wolfgang Overath Nein
67%
Spieler, die bei einer WM- oder EM-Endrunde Torschützenkönig wurden. Gerd Müller Ja
65%
Länder, in denen die deutsche Nationalmannschaft mindestens ein WM- oder EM-Finale bestritten hat. Brasilien Ja
64%
Spieler, die sowohl Weltmeister als auch Europameister wurden. Fritz Walter Nein
63%
Spieler, die nie an einer WM-Endrunde teilgenommen haben. Günter Netzer Nein
62%
Spieler, die nie an einer WM-Endrunde teilgenommen haben. Shkodran Mustafi Nein
62%
Länder, in denen die deutsche Nationalmannschaft mindestens ein WM- oder EM-Finale bestritten hat. Vereinigte Staaten Nein
62%
Spieler, die bei einer WM- oder EM-Endrunde Torschützenkönig wurden. Helmut Rahn Nein
60%
Spieler, die bei einer WM- oder EM-Endrunde Torschützenkönig wurden. Miroslav Klose Ja
60%
Spieler, die unter mindestens vier verschiedenen Bundestrainern bzw. Teamchefs Länderspiele absolviert haben. Hans Jörg Butt Nein
59%
Spieler, die nie an einer WM-Endrunde teilgenommen haben. Jens Nowotny Nein
59%
Spieler, die sowohl Weltmeister als auch Europameister wurden. Uwe Seeler Nein
59%
Spieler, die bei einer WM- oder EM-Endrunde Torschützenkönig wurden. Mario Gómez Nein
58%
Länder, in denen die deutsche Nationalmannschaft mindestens ein WM- oder EM-Finale bestritten hat. Niederlande Nein
57%
Spieler, die bei einer WM- oder EM-Endrunde Torschützenkönig wurden. Oliver Bierhoff Nein
57%
Spieler, die bei einer WM- oder EM-Endrunde Torschützenkönig wurden. Thomas Müller Ja
57%
Spieler, die unter mindestens vier verschiedenen Bundestrainern bzw. Teamchefs Länderspiele absolviert haben. Lothar Matthäus Ja
56%
Länder, in denen die deutsche Nationalmannschaft mindestens ein WM- oder EM-Finale bestritten hat. Deutschland Ja
55%
Spieler, die unter mindestens vier verschiedenen Bundestrainern bzw. Teamchefs Länderspiele absolviert haben. Torsten Frings Nein
55%
Spieler, die unter mindestens vier verschiedenen Bundestrainern bzw. Teamchefs Länderspiele absolviert haben. Olaf Thon Nein
53%
Spieler, die nie an einer WM-Endrunde teilgenommen haben. Reinhard Libuda Nein
53%
Länder, in denen die deutsche Nationalmannschaft mindestens ein WM- oder EM-Finale bestritten hat. Südkorea Nein
53%
Spieler, die unter mindestens vier verschiedenen Bundestrainern bzw. Teamchefs Länderspiele absolviert haben. Thomas Häßler Nein
53%
Spieler, die sowohl Weltmeister als auch Europameister wurden. Günter Netzer Ja
52%
Länder, in denen die deutsche Nationalmannschaft mindestens ein WM- oder EM-Finale bestritten hat. England Ja
51%
Spieler, die nie an einer WM-Endrunde teilgenommen haben. Frank Baumann Nein
51%
Länder, in denen die deutsche Nationalmannschaft mindestens ein WM- oder EM-Finale bestritten hat. Frankreich Nein
51%
Spieler, die unter mindestens vier verschiedenen Bundestrainern bzw. Teamchefs Länderspiele absolviert haben. Mehmet Scholl Nein
51%
Länder, in denen die deutsche Nationalmannschaft mindestens ein WM- oder EM-Finale bestritten hat. Italien Ja
50%
Spieler, die unter mindestens vier verschiedenen Bundestrainern bzw. Teamchefs Länderspiele absolviert haben. Oliver Kahn Ja
49%
Spieler, die bei einer WM- oder EM-Endrunde Torschützenkönig wurden. Karl-Heinz Rummenigge Nein
47%
Spieler, die bei einer WM- oder EM-Endrunde Torschützenkönig wurden. Rudi Völler Nein
47%
Spieler, die bei einer WM- oder EM-Endrunde Torschützenkönig wurden. Uwe Seeler Nein
47%
Spieler, die unter mindestens vier verschiedenen Bundestrainern bzw. Teamchefs Länderspiele absolviert haben. Bastian Schweinsteiger Nein
46%
Spieler, die sowohl Weltmeister als auch Europameister wurden. Jupp Heynckes Ja
45%
Spieler, die bei einer WM- oder EM-Endrunde Torschützenkönig wurden. Jürgen Klinsmann Nein
45%
Spieler, die unter mindestens vier verschiedenen Bundestrainern bzw. Teamchefs Länderspiele absolviert haben. Lukas Podolski Nein
45%
Spieler, die sowohl Weltmeister als auch Europameister wurden. Andreas Möller Ja
42%
Spieler, die nie an einer WM-Endrunde teilgenommen haben. Marko Marin Nein
42%
Spieler, die nie an einer WM-Endrunde teilgenommen haben. Marco Reus Nein
41%
Spieler, die nie an einer WM-Endrunde teilgenommen haben. Stefan Kießling Nein
41%
Spieler, die sowohl Weltmeister als auch Europameister wurden. Rudi Völler Nein
39%
Spieler, die unter mindestens vier verschiedenen Bundestrainern bzw. Teamchefs Länderspiele absolviert haben. Michael Ballack Ja
37%
Länder, in denen die deutsche Nationalmannschaft mindestens ein WM- oder EM-Finale bestritten hat. Schweiz Ja
37%
Spieler, die sowohl Weltmeister als auch Europameister wurden. Hans-Georg Schwarzenbeck Ja
33%
Spieler, die unter mindestens vier verschiedenen Bundestrainern bzw. Teamchefs Länderspiele absolviert haben. Jens Lehmann Ja
31%
Spieler, die nie an einer WM-Endrunde teilgenommen haben. Sebastian Deisler Ja
31%
Spieler, die nie an einer WM-Endrunde teilgenommen haben. Manfred Burgsmüller Ja
30%
Spieler, die nie an einer WM-Endrunde teilgenommen haben. Erwin Kostedde Ja
29%
Spieler, die nie an einer WM-Endrunde teilgenommen haben. Fredi Bobic Ja
29%
Spieler, die nie an einer WM-Endrunde teilgenommen haben. Kevin Kurányi Ja
29%
Spieler, die nie an einer WM-Endrunde teilgenommen haben. Gert "Charly" Dörfel Ja
28%
Länder, in denen die deutsche Nationalmannschaft mindestens ein WM- oder EM-Finale bestritten hat. Spanien Ja
28%
Spieler, die sowohl Weltmeister als auch Europameister wurden. Stefan Reuter Ja
27%
Spieler, die nie an einer WM-Endrunde teilgenommen haben. Mehmet Scholl Ja
26%
Länder, in denen die deutsche Nationalmannschaft mindestens ein WM- oder EM-Finale bestritten hat. Mexiko Ja
26%
Spieler, die nie an einer WM-Endrunde teilgenommen haben. Bernd Schuster Ja
24%
Länder, in denen die deutsche Nationalmannschaft mindestens ein WM- oder EM-Finale bestritten hat. Japan Ja
24%
Länder, in denen die deutsche Nationalmannschaft mindestens ein WM- oder EM-Finale bestritten hat. Jugoslawien Ja
19%
Länder, in denen die deutsche Nationalmannschaft mindestens ein WM- oder EM-Finale bestritten hat. Österreich Ja
19%
Spieler, die sowohl Weltmeister als auch Europameister wurden. Herbert Wimmer Ja
18%
Länder, in denen die deutsche Nationalmannschaft mindestens ein WM- oder EM-Finale bestritten hat. Belgien Ja
16%
Spieler, die unter mindestens vier verschiedenen Bundestrainern bzw. Teamchefs Länderspiele absolviert haben. Bernd Schneider Ja
16%
Spieler, die unter mindestens vier verschiedenen Bundestrainern bzw. Teamchefs Länderspiele absolviert haben. Oliver Neuville Ja
15%
Spieler, die unter mindestens vier verschiedenen Bundestrainern bzw. Teamchefs Länderspiele absolviert haben. Christian Wörns Ja
14%
Spieler, die unter mindestens vier verschiedenen Bundestrainern bzw. Teamchefs Länderspiele absolviert haben. Jens Nowotny Ja
12%
Spieler, die bei einer WM- oder EM-Endrunde Torschützenkönig wurden. Dieter Müller Ja
11%
Spieler, die bei einer WM- oder EM-Endrunde Torschützenkönig wurden. Klaus Allofs Ja
11%
Länder, in denen die deutsche Nationalmannschaft mindestens ein WM- oder EM-Finale bestritten hat. Schweden Ja
11%
Spieler, die sowohl Weltmeister als auch Europameister wurden. Bernd Cullmann Ja
10%
Spieler, die bei einer WM- oder EM-Endrunde Torschützenkönig wurden. Karl-Heinz Riedle Ja
8%
Spieler, die unter mindestens vier verschiedenen Bundestrainern bzw. Teamchefs Länderspiele absolviert haben. Thomas Linke Ja
8%
Keine übereinstimmenden Quizze gefunden
Verteilung der Resultate
Anzahl Personen mit jedem Resultat
Perzentil nach korrekt beantworteten Fragen
Ihre Resultats-Entwicklung
Sie haben dieses Quiz noch nicht gespielt